000 00505nam a2200217Ia 4500
001 109580
003 YMCAF
005 20230512162356.0
008 100717s2003 ||||||||||||||||| ||und|d
024 _a109580
035 _aWB567
040 _aYMCAF
_beng
_cIN-KoLT
041 _aeng
082 _a670.285
_bHUA
100 _aHuang, G Q
245 0 _aInternet applications in product design and manufacturing
260 _bSpringer
_c2003
300 _a272
700 _aMak, K L
942 _2ddc
_cBK
999 _c11537
_d11537